000
00288nam a2200109 a 4500
008
111012s1999|||| d
245
1
0
_a
Sex
_b
O sexe celkom normálne... spoznaj skutočnosť a mýty
260
_b
Egmont
_a
Bratislava
_c
1999
020
_c
10
041
_a
slo
044
_a
xo
_c
SK
999
_c
19813
_d
19813